| 000 | 00385 a2200145 4500 | ||
|---|---|---|---|
| 005 | 20250606080108.0 | ||
| 020 | _a978-3-030-15057-0 | ||
| 082 | _a658.7 KHA | ||
| 100 | _aKHAN, S. A. | ||
| 245 | _aStrategic Supply Chain Management. | ||
| 260 |
_aNew York, _bSpringer _c2019. |
||
| 300 |
_axxiii, 471p.; ill.; picture, table, figure _bIndex _c23cm. |
||
| 700 | _aYU. Z. | ||
| 942 |
_2ddc _cBKS |
||
| 999 |
_c3275 _d3275 |
||